Evaluación del riesgo de incendio y proposición de las modificaciones necesarias para el cumplimiento de la Ley 7600 en el Hogar para Ancianos de San Ramón, Alajuela
Gardado en:
| Autor Principal: | |
|---|---|
| Formato: | Libro |
| Idioma: | Spanish |
| Publicado: |
San José, Costa Rica
2012
|
| Materias: | |
| Etiquetas: |
Engadir etiqueta
Sen Etiquetas, Sexa o primeiro en etiquetar este rexistro!
|
MARC
| LEADER | 00000nam a22000007a 4500 | ||
|---|---|---|---|
| 003 | 010885 | ||
| 005 | 20221231143923.0 | ||
| 008 | 151022b2012 cr a|||| |||| 00| 0 spa d | ||
| 040 | |c cru CEDI | ||
| 090 | |a TFG 6707 | ||
| 100 | |9 1700 |a Mesén Castro, José Alejandro | ||
| 245 | |a Evaluación del riesgo de incendio y proposición de las modificaciones necesarias para el cumplimiento de la Ley 7600 en el Hogar para Ancianos de San Ramón, Alajuela | ||
| 260 | |a San José, Costa Rica |c 2012 | ||
| 500 | |a Proyecto de graduación (licenciatura en ingeniería civil)--Universidad de Costa Rica. Facultad de Ingeniería. Escuela de Ingeniería Civil | ||
| 650 | |x INCENDIOS |x MEDIDAS DE SEGURIDAD |x PREVENCION |x INCENDIOS Y PREVENCION DEL FUEGO |x HOGAR PARA ANCIANOS DE SAN RAMON(ALAJUELA, COSTA RICA) |x EVALUACION DE RIESGOS CONTRA INCENDIOS |x PERCEPCION DE RIESGOS |x ARQUITECTURA Y PERSONAS CON DISCAPACIDADES |x SERVICIOS PARA PERSONAS CON DISCAPACIDADES |9 1701 | ||
| 942 | |c TFG | ||
| 999 | |c 14237 |d 14237 | ||
